Normal view
MARC view
- AJINAS BASHEER T
Entry Personal Name
001 - CONTROL NUMBER
- control field: 2310
003 - CONTROL NUMBER IDENTIFIER
- control field: OSt
005 - DATE AND TIME OF LATEST TRANSACTION
- control field: 20171219161448.0
008 - FIXED-LENGTH DATA ELEMENTS
- fixed length control field: 171219|| aca||aabn | a|a d
040 ## - CATALOGING SOURCE
- Original cataloging agency: OSt
- Transcribing agency: OSt
100 ## - HEADING--PERSONAL NAME
- Personal name: AJINAS BASHEER T
670 ## - SOURCE DATA FOUND
- Source citation: Work cat.: (OSt): AJINAS BASHEER T MIDHILA LEKSHMI S NIDHIN J. K, Development and testing of manual operated coconut milk extractors
